| 000 | 02195cam a2200349 a 4500 | ||
|---|---|---|---|
| 999 |
_c3637 _d3637 |
||
| 001 | 14887525 | ||
| 003 | Nust | ||
| 005 | 20180117090010.0 | ||
| 008 | 070611s2008 enka b 001 0 eng | ||
| 010 | _a 2007024357 | ||
| 020 | _a9780521867580 (hardback) | ||
| 020 | _a9780521687157 (pbk.) | ||
| 040 |
_aDLC _cDLC _dDLC |
||
| 050 | 0 | 0 |
_aHD75 _b.W955 2008 |
| 082 | 0 | 0 |
_a338.9001/5193 _222 |
| 100 | 1 |
_aWydick, Bruce, _d1954- |
|
| 245 | 1 | 0 |
_aGames in economic development / _cBruce Wydick. |
| 260 |
_aCambridge ; _aNew York : _bCambridge University Press, _c2008. |
||
| 300 |
_axviii, 294 p. : _bill. ; _c26 cm. |
||
| 504 | _aIncludes bibliographical references (p. 273-285) and index. | ||
| 505 | 0 | _aEconomic development, interdependence, and incentives -- Games -- Development traps and coordination games -- Rural poverty, development and the environment -- Risk, solidarity networks, and reciprocity -- Understanding agrarian institutions -- Savings, credit, and microfinance -- Social learning and technology adoption -- Property rights, governance, and corruption -- Conflict, violence, and development -- Social capital -- The political economy of trade and development -- Appendix -- Exercises for interested readers -- References -- Index. | |
| 650 | 0 | _aDevelopment economics. | |
| 650 | 0 | _aGame theory. | |
| 856 | 4 | 1 |
_3Table of contents only _uhttp://www.loc.gov/catdir/toc/ecip0720/2007024357.html |
| 856 | 4 | 2 |
_3Publisher description _uhttp://www.loc.gov/catdir/enhancements/fy0803/2007024357-d.html |
| 856 | 4 | 2 |
_3Contributor biographical information _uhttp://www.loc.gov/catdir/enhancements/fy0803/2007024357-b.html |
| 906 |
_a7 _bcbc _corignew _d1 _eecip _f20 _gy-gencatlg |
||
| 942 |
_2ddc _cBK |
||